[Event "Thüringenliga 2011/2012"]
[Site "?"]
[Date "2012.02.05"]
[Round "6"]
[White "Philipp, Michael"]
[Black "Weiß, Werner"]
[Result "1-0"]
[WhiteElo "1936"]
[BlackElo "2032"]
[PlyCount "79"]
[EventDate "2011.??.??"]
[WhiteTeam "SSV Vimaria 91 Weimar"]
[BlackTeam "SV 1861 Liebschwitz"]

1. e4 g6 2. f4 d6 3. Nf3 Bg4 4. h3 Bxf3 5. Qxf3 c5 6. Bc4 Qd7 7. O-O Nc6 8. c3
Nf6 9. b4 cxb4 10. cxb4 Bg7 11. Bb2 O-O 12. a3 Rac8 13. Ba2 e5 14. Nc3 Nd4 15.
Qd3 Kh8 16. Rac1 a6 17. g4 Nxg4 18. Nd5 Rxc1 19. Rxc1 Nf6 20. Rc7 Qd8 21. Rxb7
Nxd5 22. Bxd5 Qh4 23. fxe5 dxe5 24. Bxd4 exd4 25. Rxf7 Rxf7 26. Bxf7 Be5 27.
Bc4 Qf4 28. Bxa6 Qh2+ 29. Kf1 Kg7 30. Bc4 Qh1+ 31. Ke2 Qa1 32. b5 h5 33. b6 Kh6
34. Qf3 Kg5 35. b7 Qb2 36. Qb3 d3+ 37. Kxd3 Qd4+ 38. Ke2 Bf4 39. Qd3 Qb6 40.
Bd5 {ZÜ} 1-0

[Event "Thüringenliga 2011/2012"]
[Site "?"]
[Date "2012.04.01"]
[Round "8"]
[White "Schönfeld, Volker"]
[Black "Wahlicht, Mike"]
[Result "1-0"]
[WhiteElo "1856"]
[BlackElo "1880"]
[PlyCount "57"]
[EventDate "2011.??.??"]
[WhiteTeam "VfL 1990 Gera"]
[BlackTeam "SV Empor Erfurt"]

1. e4 c5 2. Nc3 Nc6 3. g3 e6 4. Bg2 g6 5. d3 Bg7 6. Nge2 Nge7 7. Be3 Nd4 8. Qd2
Qa5 9. Bxd4 cxd4 10. Nb1 Qb6 11. b3 O-O 12. O-O d6 13. Na3 a5 14. Nc4 Qc7 15.
a4 Bd7 16. f4 Nc6 17. g4 d5 18. exd5 exd5 19. Bxd5 Bxg4 20. Ng3 Ne7 21. Be4 Bd7
22. Rae1 Rfe8 23. f5 Ra6 24. Qg5 f6 25. Qd2 Kf7 26. Qf2 gxf5 27. Bxf5 Bxf5 28.
Nxf5 Nxf5 29. Qxf5 {ZÜ} 1-0

[Event "Thüringenliga 2011/2012"]
[Site "?"]
[Date "2012.04.29"]
[Round "9"]
[White "Siebarth, Marco"]
[Black "Rohmeiß, Roberto"]
[Result "1-0"]
[WhiteElo "1981"]
[BlackElo "2035"]
[PlyCount "72"]
[EventDate "2011.??.??"]
[WhiteTeam "SG Blau-Weiß Stadtilm"]
[BlackTeam "TSG Apolda"]

1. e4 d6 2. d4 Nf6 3. Nc3 g6 4. f4 Bg7 5. Nf3 O-O 6. Bd3 c5 7. Be3 Ng4 8. Bg1
cxd4 9. Nxd4 e5 10. fxe5 dxe5 11. Nf3 Nc6 12. h3 Nf6 13. Be3 h6 14. O-O Be6 15.
Qd2 Kh7 16. Qf2 Nd7 17. Rad1 Qe7 18. g4 Rfc8 19. Nd5 Bxd5 20. exd5 Nb4 21. Be4
Nc5 22. Bxc5 Qxc5 23. Qxc5 Rxc5 24. c3 Na6 25. d6 Rd8 26. Bxb7 Nb8 27. Be4 Rb5
28. Rd2 Rb6 29. Rfd1 Nd7 30. Bd5 Kg8 31. b4 e4 32. Nd4 e3 33. Re2 Nf6 34. Bb3
Rbxd6 35. Rde1 Kf8 36. Rxe3 h5 {ZÜ} 1-0

[Event "Thüringenliga 2011/2012"]
[Site "?"]
[Date "2012.04.29"]
[Round "9"]
[White "Krug, Klaus-Peter"]
[Black "Dittrich, Hans-Georg"]
[Result "1-0"]
[WhiteElo "1954"]
[BlackElo "1660"]
[PlyCount "71"]
[EventDate "2011.??.??"]
[WhiteTeam "TSG Apolda"]
[BlackTeam "SG Blau-Weiß Stadtilm"]

1. d4 Nf6 2. Nd2 d5 3. Ngf3 e6 4. b3 c5 5. e3 Bd6 6. Bb2 O-O 7. Bd3 Nc6 8. Ne5
Nb4 9. Be2 Qc7 10. a3 cxd4 11. axb4 Bxe5 12. exd4 Bd6 13. Ra4 Bd7 14. b5 a6 15.
c4 axb5 16. Rxa8 Rxa8 17. c5 Be7 18. b4 Ra4 19. Qb3 Qf4 20. g3 Qf5 21. O-O Bc6
22. Nf3 Ne4 23. Bd1 h5 24. Bc3 h4 25. Be1 hxg3 26. fxg3 Qh3 27. Ne5 f6 28. Bg4
Qh6 29. Bxe6+ Kh7 30. Bf5+ Kg8 31. Nxc6 bxc6 32. Bxe4 f5 33. Bxf5 Bf6 34. Bf2
Qd2 35. Qf3 Bxd4 36. Be6+ {ZÜ} 1-0

[Event "Thüringenliga 2012/2013"]
[Site "?"]
[Date "2012.11.04"]
[Round "2"]
[White "Widmann, Benjamin"]
[Black "Wanzek, Daniel"]
[Result "1-0"]
[WhiteElo "1853"]
[BlackElo "2113"]
[Annotator "Kuntze,Andreas"]
[PlyCount "78"]
[EventDate "2012.??.??"]
[WhiteTeam "SG Arnstadt-Stadtilm"]
[BlackTeam "ESV Lok Sömmerda"]

1. c4 e5 2. Nc3 Nc6 3. g3 g6 4. Bg2 Bg7 5. Rb1 a5 6. Nf3 d6 7. d3 Be6 8. a3 h6
9. b4 axb4 10. axb4 Nf6 11. b5 Ne7 12. Bb2 Qd7 13. Nd2 Rb8 14. O-O Bh3 15. Ba3
h5 16. b6 c6 17. Bxd6 Bxg2 18. Bxb8 Qh3 19. f3 Ng4 20. fxg4 hxg4 21. Kf2 Qxh2
22. Nde4 Bxf1+ 23. Ke1 Nf5 24. Nd6+ Ke7 25. Nxf5+ gxf5 26. Kd2 Bxe2 27. Nxe2
Rxb8 28. Qb3 Bh6+ 29. Kd1 Qf2 30. Qb4+ Ke8 31. Ra1 Rd8 32. Qe1 Rxd3+ 33. Kc2
Rd2+ 34. Qxd2 Bxd2 35. Kxd2 Qxb6 36. Ra8+ Kd7 37. Nc3 Kc7 38. Re8 Qf2+ 39. Ne2
Qc5 {ZÜ} 1-0

[Event "Thüringenliga 2012/2013"]
[Site "?"]
[Date "2012.11.04"]
[Round "2"]
[White "Kühn, Karsten"]
[Black "Maaz, Ernst"]
[Result "1-0"]
[WhiteElo "1941"]
[BlackElo "1867"]
[Annotator "Kuntze,Andreas"]
[PlyCount "77"]
[EventDate "2012.??.??"]
[WhiteTeam "ESV Lok Sömmerda"]
[BlackTeam "SG Arnstadt-Stadtilm"]

1. e4 c6 2. Nf3 d5 3. Nc3 dxe4 4. Nxe4 Bf5 5. Ng3 Bg4 6. Bc4 e6 7. h3 Bxf3 8.
Qxf3 Nd7 9. O-O Ne5 10. Qb3 Nxc4 11. Qxc4 Nf6 12. d3 Qd5 13. Bf4 Qxc4 14. dxc4
O-O-O 15. Rfd1 Bc5 16. Kf1 Rxd1+ 17. Rxd1 Rd8 18. Rxd8+ Kxd8 19. Bg5 Be7 20.
Ke2 Nd7 21. Be3 Bc5 22. Bd2 Bd4 23. b3 Ke7 24. Ne4 f5 25. Ng5 h6 26. Nf3 Bf6
27. Bb4+ Kf7 28. Ke3 e5 29. Ba3 c5 30. Ng1 e4 31. Ne2 g5 32. g4 fxg4 33. hxg4
Ne5 34. Kxe4 Nxg4 35. Bxc5 b6 36. Be3 h5 37. f3 Nxe3 38. Kxe3 h4 39. Ng1 {ZÜ}
1-0

[Event "Thüringenliga 2012/2013"]
[Site "?"]
[Date "2013.02.17"]
[Round "7"]
[White "Zeidler, Andreas"]
[Black "Töpfer, Albrecht"]
[Result "1-0"]
[WhiteElo "2104"]
[BlackElo "1932"]
[PlyCount "77"]
[EventDate "2013.??.??"]
[WhiteTeam "SV 1861 Liebschwitz"]
[BlackTeam "Ilmenauer SV"]

1. d4 Nf6 2. c4 e6 3. Nc3 Bb4 4. e3 c5 5. Bd2 O-O 6. a3 cxd4 7. axb4 dxc3 8.
Bxc3 d5 9. b3 Ne4 10. Qc2 b6 11. Nf3 Bb7 12. Bd3 Nxc3 13. Qxc3 dxc4 14. bxc4
Nd7 15. O-O Bxf3 16. gxf3 a5 17. Be4 axb4 18. Qxb4 Rxa1 19. Rxa1 Qg5+ 20. Kf1
Qc5 21. Qxc5 Nxc5 22. Rb1 Rb8 23. Ke2 Kf8 24. h4 Nxe4 25. fxe4 Ke7 26. e5 Kd7
27. h5 h6 28. Ra1 Kc7 29. f4 Kb7 30. Rg1 Rg8 31. e4 Kc6 32. f5 Kd7 33. Kd3 Kc6
34. Kc3 b5 35. cxb5+ Kxb5 36. Kd4 Kc6 37. f6 Rd8+ 38. Ke3 gxf6 39. exf6 {ZÜ}
1-0

[Event "Thüringenliga 2012/2013"]
[Site "?"]
[Date "2012.09.23"]
[Round "1"]
[White "Wanzek, Daniel"]
[Black "Anisheva, Varvara"]
[Result "0-1"]
[WhiteElo "2113"]
[BlackElo "1986"]
[PlyCount "61"]
[EventDate "2012.??.??"]
[WhiteTeam "ESV Lok Sömmerda"]
[BlackTeam "SC 51 Nordhausen"]

1. e4 c5 2. Nc3 Nc6 3. g3 e6 4. Bg2 Nf6 5. f4 Be7 6. e5 Ng8 7. Ne4 d5 8. exd6
Bxd6 9. Nxd6+ Qxd6 10. Nf3 Nf6 11. O-O O-O 12. b3 Rd8 13. Bb2 Nd4 14. Ne5 Nd5
15. a4 Qc7 16. a5 f6 17. Nc4 Rb8 18. c3 Nc6 19. Qe2 Nde7 20. Kh1 b6 21. a6 Qd7
22. Rfd1 b5 23. Ne3 Rb6 24. d4 cxd4 25. cxd4 Nd5 26. f5 Nxe3 27. Qxe3 exf5 28.
d5 Nb4 29. Qc5 Nxa6 30. Qd4 Kh8 31. h3 {ZÜ} 0-1

[Event "Thüringenliga 2013/2014"]
[Site "?"]
[Date "2013.10.20"]
[Round "2"]
[White "Darr, Sascha"]
[Black "Kottwitz, Daniel"]
[Result "1-0"]
[WhiteElo "2077"]
[BlackElo "1913"]
[PlyCount "72"]
[EventDate "2013.??.??"]
[WhiteTeam "SV Jenapharm Jena"]
[BlackTeam "Schachzirkel Elstertal Langenberg"]

1. c4 e6 2. g3 f5 3. Bg2 Nf6 4. Nf3 d5 5. O-O Bd6 6. d4 c6 7. b3 Qe7 8. Qc2 O-O
9. Nc3 Bd7 10. Ne1 Be8 11. Nd3 Nbd7 12. Rb1 Ne4 13. f3 Nxc3 14. Qxc3 c5 15.
cxd5 exd5 16. Bf4 Bxf4 17. Nxf4 Bf7 18. h4 g5 19. hxg5 Qxg5 20. Kf2 h5 21. Rh1
Rfe8 22. dxc5 Rac8 23. b4 Rc6 24. Qd4 Rh6 25. Rh4 Kh7 26. Rbh1 Ne5 27. b5 Qf6
28. Kf1 Qg5 29. R1h3 Nc4 30. Kf2 Ne3 31. Bf1 Kg8 32. Ng2 Nxg2 33. Bxg2 Rhe6 34.
Bf1 Qc1 35. Rxh5 Bxh5 36. Rxh5 Qc2 {ZÜ} 1-0

[Event "Landesklasse Ost 2012/2013"]
[Site "?"]
[Date "2012.09.23"]
[Round "1"]
[White "Osterloh, Felix"]
[Black "Gläßl, Matthias"]
[Result "1-0"]
[WhiteElo "1777"]
[BlackElo "2071"]
[PlyCount "77"]
[EventDate "2012.??.??"]
[WhiteTeam "SV Schott Jena"]
[BlackTeam "ESV Gera"]

1. Nf3 Nf6 2. g3 d6 3. Bg2 e5 4. O-O Be7 5. d3 O-O 6. Nbd2 c6 7. e4 Qc7 8. Qe1
Na6 9. a3 b5 10. Nh4 g6 11. f4 Kg7 12. f5 g5 13. Nhf3 g4 14. Nh4 Bb7 15. Nb3
Kh8 16. h3 gxh3 17. Bxh3 Rg8 18. Kh2 d5 19. Bh6 dxe4 20. dxe4 c5 21. Nd2 Qc6
22. Nhf3 Ng4+ 23. Bxg4 Qxh6+ 24. Bh3 Bf6 25. Rg1 Rad8 26. Qe2 c4 27. Rae1 Nc5
28. Qe3 Qxe3 29. Rxe3 Bg5 30. Re2 Bh6 31. f6 Rge8 32. g4 Bf4+ 33. Kg2 Rd6 34.
g5 h6 35. Kf1 hxg5 36. Nxg5 Rxf6 37. Bf5 Bxg5 38. Rxg5 Rh6 39. Reg2 {ZÜ} 1-0

[Event "Landesklasse Ost 2012/2013"]
[Site "?"]
[Date "2012.09.23"]
[Round "1"]
[White "Steinacker, Alex"]
[Black "Zeuner, Ulrich"]
[Result "1-0"]
[WhiteElo "2142"]
[BlackElo "1979"]
[PlyCount "43"]
[EventDate "2012.??.??"]
[WhiteTeam "Erfurter Schachklub"]
[BlackTeam "SV Medizin Erfurt"]

1. Nc3 d5 2. e4 dxe4 3. Nxe4 Nf6 4. Nxf6+ exf6 5. d4 Be7 6. Nf3 O-O 7. Be2 Nc6
8. O-O Bg4 9. c3 Bd6 10. h3 Bh5 11. Qb3 Re8 12. Be3 Rb8 13. Rfe1 Bg6 14. d5 Ne7
15. Bxa7 Ra8 16. Qxb7 Nxd5 17. Bb5 Rxe1+ 18. Rxe1 Ne7 19. Nd2 c6 20. Nc4 Rxa7
21. Qxa7 Bc7 22. Ba4 {ZÜ} 1-0

[Event "Landesklasse Ost 2012/2013"]
[Site "?"]
[Date "2012.12.16"]
[Round "4"]
[White "Liebold, Thomas"]
[Black "Schmidt, Lothar"]
[Result "1-0"]
[WhiteElo "2032"]
[BlackElo "1957"]
[PlyCount "68"]
[EventDate "2012.??.??"]
[WhiteTeam "TSV Zeulenroda"]
[BlackTeam "SV Schott Jena"]

1. e4 g6 2. d4 Bg7 3. Nc3 d6 4. f4 e6 5. Nf3 Ne7 6. Be3 Nd7 7. Qd2 a6 8. g4 d5
9. Bd3 Nf6 10. h3 dxe4 11. Nxe4 Qd5 12. Nxf6+ Bxf6 13. Rf1 Qd6 14. O-O-O Nd5
15. c4 Nxe3 16. Qxe3 O-O 17. Ne5 Qe7 18. Be4 Bd7 19. Bxb7 Rab8 20. Be4 Ba4 21.
Bc2 Qb4 22. Qc3 Bxc2 23. Qxc2 Qd6 24. g5 Bg7 25. Rfe1 Rb4 26. a3 Rb7 27. Qg2
Rfb8 28. c5 Qd5 29. Qxd5 exd5 30. Nc6 Rf8 31. Ne7+ Kh8 32. Nxd5 Rd8 33. Nb4 h6
34. Nc6 Rd5 {ZÜ} 1-0

[Event "Landesklasse Ost 2012/2013"]
[Site "?"]
[Date "2013.03.24"]
[Round "8"]
[White "Assmann, Winfried"]
[Black "Prütting, Marcus"]
[Result "1-0"]
[WhiteElo "1662"]
[BlackElo "1272"]
[PlyCount "71"]
[EventDate "2013.??.??"]
[WhiteTeam "SSV Vimaria 91 Weimar"]
[BlackTeam "TSV Zeulenroda"]

1. e4 e5 2. Nf3 Nc6 3. Bc4 Bc5 4. c3 Nf6 5. d3 d6 6. O-O O-O 7. h3 h6 8. Bb3
Re8 9. Re1 Bb6 10. Nbd2 Be6 11. Ba4 Nd7 12. Nf1 f5 13. Ne3 Bxe3 14. Bxe3 f4 15.
Bd2 Nb6 16. Bc2 d5 17. d4 Qf6 18. dxe5 Nxe5 19. Nxe5 Qxe5 20. exd5 Qxd5 21.
Bxf4 c6 22. Qxd5 Bxd5 23. b3 Rf8 24. Be3 Rad8 25. Bd4 Rd7 26. Re2 Bf7 27. Rae1
Nd5 28. Bf5 Rdd8 29. Be6 Bxe6 30. Rxe6 a6 31. R1e4 Rd7 32. Rg4 Rdf7 33. Rxh6
Re8 34. Rhg6 Ree7 35. h4 Nf4 36. Rd6 {ZÜ} 1-0

[Event "Landesklasse West 2012/2013"]
[Site "?"]
[Date "2012.11.25"]
[Round "3"]
[White "Kleinsteuber, Erik"]
[Black "Weigend, Joachim"]
[Result "0-1"]
[WhiteElo "1630"]
[BlackElo "1777"]
[PlyCount "78"]
[EventDate "2012.??.??"]
[WhiteTeam "SG Barchfeld/Breitungen"]
[BlackTeam "SV Schmalkalden 04"]

1. Nf3 c5 2. c4 Nc6 3. Nc3 g6 4. g3 Bg7 5. Bg2 e6 6. d3 Nge7 7. O-O O-O 8. a3
d5 9. e3 d4 10. exd4 Nxd4 11. Ne4 Qc7 12. Rb1 Rb8 13. b4 cxb4 14. axb4 b6 15.
Be3 Nef5 16. Nxd4 Nxd4 17. Rc1 Bb7 18. Bf4 e5 19. Be3 Rfd8 20. Bg5 Rd7 21. c5
Bxe4 22. Bxe4 bxc5 23. Rxc5 Qb6 24. Bd2 Qe6 25. Qa4 Nb3 26. Rc6 Qe8 27. Qxb3 h5
28. Rc4 Qd8 29. Be3 Kh7 30. Rfc1 f5 31. Bg2 Rxd3 32. Qc2 e4 33. Rc8 Qd6 34.
Rxb8 Qxb8 35. Qc5 h4 36. b5 hxg3 37. hxg3 Qd8 38. Qc2 Rc3 39. Qd2 Rd3 {ZÜ} 0-1

[Event "Landesklasse West 2012/2013"]
[Site "?"]
[Date "2013.03.24"]
[Round "8"]
[White "Schorch, Rüdiger"]
[Black "Manger, Eric"]
[Result "0-1"]
[WhiteElo "1881"]
[BlackElo "1423"]
[PlyCount "65"]
[EventDate "2013.??.??"]
[WhiteTeam "SV Ammern"]
[BlackTeam "Schachclub 1998 Gotha"]

1. c4 b6 2. Nc3 e6 3. Nf3 Bb7 4. g3 Nf6 5. Bg2 Bb4 6. Qc2 Nc6 7. O-O h6 8. a3
Bxc3 9. Qxc3 O-O 10. b4 d5 11. Bb2 Re8 12. d3 e5 13. cxd5 Nxd5 14. Qc4 Rb8 15.
Rac1 Nf6 16. Rfd1 Qe7 17. b5 Nd4 18. Bxd4 exd4 19. Nxd4 Bxg2 20. Kxg2 Rbc8 21.
a4 Nd7 22. e3 Ne5 23. Qc3 Qd6 24. Nc6 Nxc6 25. Qxc6 Red8 26. Qxd6 Rxd6 27. d4
c6 28. Rd2 c5 29. Rdc2 Rd5 30. Kf3 f5 31. Rc4 Kf7 32. Ke2 Ke6 33. a5 {Handy
klingelt} 0-1

[Event "Landesklasse West 2012/2013"]
[Site "?"]
[Date "2013.03.24"]
[Round "8"]
[White "Müller, Bernd"]
[Black "Eschrich, Torsten"]
[Result "1-0"]
[WhiteElo "1720"]
[BlackElo "1660"]
[PlyCount "69"]
[EventDate "2013.??.??"]
[WhiteTeam "SC Suhl"]
[BlackTeam "SV Breitenworbis"]

1. e4 e5 2. d4 exd4 3. c3 dxc3 4. Bc4 c2 5. Qxc2 Nc6 6. Nf3 h6 7. O-O d6 8. h3
Be6 9. Bxe6 fxe6 10. Qb3 Qc8 11. Nh4 Nge7 12. f4 b6 13. f5 e5 14. f6 gxf6 15.
Rxf6 Nd8 16. Qf3 h5 17. Qe2 Bg7 18. Rf3 Ne6 19. Be3 Qd7 20. Qa6 Qc8 21. Qxc8+
Rxc8 22. Nc3 Kd7 23. Nd5 Nxd5 24. exd5 Nf4 25. Rd1 Rhf8 26. Rd2 Bf6 27. Nf5 Be7
28. Ng7 Rg8 29. Bxf4 Rxg7 30. Be3 Rcg8 31. Kh2 c6 32. Rf5 h4 33. dxc6+ Kxc6 34.
Bh6 Rg6 35. Rf7 {ZÜ} 1-0

[Event "Thüringenliga 2012/2013"]
[Site "?"]
[Date "2013.03.24"]
[Round "8"]
[White "Trautmann, Johannes"]
[Black "Schenk, Stefan"]
[Result "0-1"]
[WhiteElo "1739"]
[BlackElo "1901"]
[PlyCount "72"]
[EventDate "2013.??.??"]
[WhiteTeam "SV Empor Erfurt"]
[BlackTeam "Ilmenauer SV"]

1. c4 Nf6 2. Nc3 g6 3. g3 Bg7 4. Bg2 O-O 5. Nf3 d6 6. O-O e5 7. d3 Nbd7 8. Qc2
Rb8 9. Rb1 a6 10. a4 a5 11. b4 axb4 12. Rxb4 Nc5 13. Be3 Nfd7 14. Rfb1 c6 15.
Ng5 Qc7 16. Nge4 Ne6 17. Ng5 Nd4 18. Qd2 h6 19. Nf3 Kh7 20. h4 f5 21. Nd1 Ne6
22. Bb6 Nxb6 23. Rxb6 e4 24. Ne1 Nc5 25. Qc2 Nd7 26. R6b3 Nc5 27. Rb6 Nd7 28.
R6b3 exd3 29. exd3 Ne5 30. Nf3 Ng4 31. Nc3 Re8 32. Ne2 Ra8 33. Rb6 Qe7 34. Re1
Qf7 35. Rbb1 Ne5 36. Nf4 Ra5 {ZÜ} 0-1

[Event "Thüringenliga 2012/2013"]
[Site "?"]
[Date "2013.04.21"]
[Round "9"]
[White "Schmuck, Helmut"]
[Black "Wanzek, Daniel"]
[Result "1-0"]
[WhiteElo "1958"]
[BlackElo "2113"]
[PlyCount "78"]
[EventDate "2013.??.??"]
[WhiteTeam "SV Empor Erfurt"]
[BlackTeam "ESV Lok Sömmerda"]

1. d4 d5 2. Nf3 Nc6 3. g3 Bg4 4. Bg2 Qd7 5. h3 Bf5 6. a3 Nf6 7. Nbd2 Rd8 8. e3
Ne4 9. c4 e6 10. c5 e5 11. g4 Bg6 12. O-O h5 13. g5 Bf5 14. Kh2 Bg4 15. Qa4 Be7
16. b4 a6 17. dxe5 Bxf3 18. Nxf3 O-O 19. Qc2 Qf5 20. Bb2 Qg6 21. Rad1 Rfe8 22.
Qb3 Qe6 23. h4 Qg4 24. a4 Rd7 25. Bd4 Red8 26. b5 axb5 27. axb5 Na5 28. Qc2 Nc4
29. c6 bxc6 30. bxc6 Rd6 31. exd6 Bxd6+ 32. Kg1 Re8 33. Ra1 Be5 34. Bxe5 Nxe5
35. Nxe5 Rxe5 36. Ra8+ Kh7 37. f3 Qxh4 38. fxe4 Rxg5 39. exd5+ Rg6 {ZÜ} 1-0

[Event "Thüringenliga 2012/2013"]
[Site "?"]
[Date "2013.04.21"]
[Round "9"]
[White "Zeidler, Andreas"]
[Black "Watzke, Birger"]
[Result "1-0"]
[WhiteElo "2104"]
[BlackElo "2154"]
[PlyCount "71"]
[EventDate "2013.??.??"]
[WhiteTeam "SV 1861 Liebschwitz"]
[BlackTeam "Schachzirkel Elstertal Langenberg"]

1. d4 Nf6 2. c4 g6 3. f3 c5 4. d5 Bg7 5. e4 d6 6. Nc3 Na6 7. Bd3 Nc7 8. Nge2 a6
9. a4 b6 10. Be3 Rb8 11. Qd2 Bd7 12. O-O O-O 13. Bh6 b5 14. Bxg7 Kxg7 15. axb5
axb5 16. b3 e6 17. dxe6 fxe6 18. e5 dxe5 19. Qe3 b4 20. Ne4 Bc6 21. Nxc5 Qd6
22. Rfd1 Ra8 23. Rac1 Rfd8 24. Bc2 Qe7 25. Qxe5 Kf7 26. Nd3 Na6 27. Nd4 Bb7 28.
Re1 Rd6 29. Nb5 Rd7 30. Re3 Rc8 31. Rce1 Nd5 32. cxd5 Rxd5 33. Qf4+ Rf5 34.
Ne5+ Kg8 35. Bxf5 gxf5 36. Nc4 {ZÜ} 1-0

[Event "Landesklasse Ost 2013/2014"]
[Site "?"]
[Date "2013.11.16"]
[Round "1"]
[White "Schumann, Robert"]
[Black "Hoffmann, Tim"]
[Result "0-1"]
[WhiteElo "1843"]
[BlackElo "1935"]
[PlyCount "46"]
[EventDate "2013.??.??"]
[WhiteTeam "TuS Osterburg Weida"]
[BlackTeam "ESV Gera"]

1. d4 Nf6 2. Nf3 e6 3. e3 b6 4. Bd3 Bb7 5. Nbd2 c5 6. b3 Be7 7. Bb2 O-O 8. O-O
Nc6 9. a3 d6 10. e4 cxd4 11. Nxd4 Nxd4 12. Bxd4 e5 13. Bb2 d5 14. Bxe5 dxe4 15.
Bc4 Qc8 16. Qe2 Qf5 17. Bd4 Rad8 18. c3 Bd6 19. b4 Ng4 20. h3 Nh2 21. Rfe1 Nf3+
22. Nxf3 exf3 23. g4 Bh2+ 0-1

[Event "Landesklasse Ost 2013/2014"]
[Site "?"]
[Date "2013.11.16"]
[Round "1"]
[White "Puschendorf, Steffen"]
[Black "Künzel, Andre"]
[Result "1-0"]
[WhiteElo "2083"]
[BlackElo "1905"]
[PlyCount "173"]
[EventDate "2013.??.??"]
[WhiteTeam "ESV Gera"]
[BlackTeam "TuS Osterburg Weida"]

1. d4 d6 2. c4 e5 3. Nf3 Nd7 4. Nc3 Ngf6 5. g3 Be7 6. Bg2 O-O 7. O-O c6 8. b3
Re8 9. e4 a6 10. a4 Bf8 11. Qc2 Qc7 12. Bb2 Rb8 13. Rfc1 b5 14. cxb5 cxb5 15.
axb5 axb5 16. d5 b4 17. Na4 Qxc2 18. Rxc2 Nxe4 19. Nxe5 Nec5 20. Nxd7 Nxb3 21.
Nxb8 Nxa1 22. Rc1 Nb3 23. Rd1 Nd2 24. f3 Nc4 25. Bd4 Bf5 26. Rc1 Na3 27. Nc6 b3
28. Bb2 Nb5 29. Bf1 Nc7 30. Nd4 Bc2 31. Nxc2 bxc2 32. Rxc2 Nxd5 33. Bd4 g6 34.
Nb6 Ne7 35. Rc7 Nf5 36. Bf2 Bh6 37. Bc4 Re7 38. Rxe7 Nxe7 39. Nd5 Nxd5 40. Bxd5
Kf8 41. Bd4 Ke7 42. Kf1 Bc1 43. Ke2 h5 44. Be3 Bb2 45. Kd3 Bf6 46. h3 Be5 47.
Bf2 Bg7 48. Bd4 Bh6 49. Be3 Bg7 50. Bg5+ Kf8 51. Ke4 Bc3 52. Bc4 Be1 53. Bf4
Ke7 54. Kd5 Bb4 55. Bd3 Bc5 56. g4 hxg4 57. fxg4 Bb4 58. h4 Be1 59. Bxd6+ Kf6
60. Be5+ Ke7 61. h5 gxh5 62. gxh5 Bd2 63. Ke4 f6 64. Bd4 Kf7 65. Kf5 Bg5 66.
Kg4 Kg7 67. Bg6 Bd2 68. Kf5 Bg5 69. Ke6 Bh4 70. Ke7 Bg5 71. Ke8 Bh4 72. Bc5 Bg5
73. Bf8+ Kg8 74. Bf5 Kh8 75. Be6 Kh7 76. Bc4 f5 77. Kf7 Bh6 78. Bd6 Be3 79. Be2
Bd4 80. Bf8 Be3 81. Bd3 Bh6 82. Bc5 Bg7 83. Bxf5+ Kh8 84. Kg6 Be5 85. h6 Kg8
86. Be6+ Kh8 87. Bf8 1-0

[Event "Landesklasse Ost 2013/2014"]
[Site "?"]
[Date "2013.11.16"]
[Round "1"]
[White "Heine, Robert"]
[Black "Gläßl, Matthias"]
[Result "0-1"]
[WhiteElo "1613"]
[BlackElo "2050"]
[PlyCount "116"]
[EventDate "2013.??.??"]
[WhiteTeam "TuS Osterburg Weida"]
[BlackTeam "ESV Gera"]

1. d4 Nf6 2. Nf3 e6 3. e3 b6 4. Bd3 Bb7 5. Nbd2 d5 6. O-O Nbd7 7. Re1 Ne4 8. c3
f5 9. Ne5 Nxe5 10. dxe5 Nxd2 11. Bxd2 Be7 12. f3 O-O 13. Qc2 c5 14. b3 Rc8 15.
e4 fxe4 16. fxe4 d4 17. Bc4 Qd7 18. Qd3 Rcd8 19. Qh3 Bc8 20. a4 dxc3 21. Bxc3
Bg5 22. Qg4 Qe7 23. Rad1 Rxd1 24. Rxd1 Rf4 25. Qe2 Rf8 26. Rd6 Qf7 27. h3 Be7
28. Rd1 Qg6 29. Qg4 Qxg4 30. hxg4 Rf4 31. a5 Kf7 32. Rf1 Rxf1+ 33. Kxf1 Bb7 34.
Bd3 Bc6 35. axb6 axb6 36. Ke2 Ke8 37. Ke3 Kd7 38. Bc2 Bg5+ 39. Kf3 Bb5 40. b4
Be7 41. bxc5 Bxc5 42. g5 Bc4 43. Kf4 b5 44. Bb2 Bb4 45. Kg4 Kc6 46. Kh5 Bd2 47.
g6 h6 48. Bd4 Be2+ 49. g4 Bc4 50. Ba7 Bc3 51. Bb8 Bb4 52. Ba7 Bc5 53. Bxc5 Kxc5
54. g5 hxg5 55. Kxg5 Ba2 56. Kf4 Kd4 57. Kf3 b4 58. Ke2 b3 0-1

[Event "Landesklasse Ost 2013/2014"]
[Site "?"]
[Date "2013.11.16"]
[Round "1"]
[White "Schmidt, Frank"]
[Black "Wagner, Uwe"]
[Result "1-0"]
[WhiteElo "1921"]
[BlackElo "1708"]
[PlyCount "41"]
[EventDate "2013.??.??"]
[WhiteTeam "ESV Gera"]
[BlackTeam "TuS Osterburg Weida"]

1. d4 Nf6 2. Nf3 e6 3. Nbd2 b6 4. e4 d5 5. e5 Nfd7 6. Bd3 c5 7. c3 Be7 8. Qe2
Nc6 9. a3 a6 10. O-O b5 11. Re1 Qb6 12. Qe3 a5 13. Nf1 Ba6 14. Ng3 b4 15. Bxa6
Rxa6 16. Bd2 O-O 17. Nh5 h6 18. Nxg7 Kxg7 19. Qxh6+ Kg8 20. Ng5 Bxg5 21. Qxg5+
1-0

[Event "Landesklasse Ost 2013/2014"]
[Site "?"]
[Date "2013.11.16"]
[Round "1"]
[White "Urban, Bernd"]
[Black "Senf, Paul"]
[Result "1/2-1/2"]
[WhiteElo "1698"]
[BlackElo "1700"]
[PlyCount "95"]
[EventDate "2013.??.??"]
[WhiteTeam "TuS Osterburg Weida"]
[BlackTeam "ESV Gera"]

1. c4 f5 2. d4 Nf6 3. Nf3 g6 4. Nc3 Bg7 5. e3 O-O 6. Be2 d6 7. O-O Qe8 8. Qc2
e5 9. dxe5 dxe5 10. e4 Nc6 11. Be3 Qe7 12. Rad1 f4 13. Bc1 Nb4 14. Qb1 c6 15.
a3 Na6 16. b4 Bd7 17. Bb2 Rad8 18. Rd2 Bg4 19. Rfd1 Rxd2 20. Rxd2 Bxf3 21. Bxf3
Rd8 22. Qd1 Rxd2 23. Qxd2 g5 24. h3 h5 25. c5 Bf8 26. Qd1 Qe8 27. Be2 Nb8 28.
Bc4+ Kg7 29. f3 Nbd7 30. Ba2 Be7 31. Qb3 Bd8 32. Qe6 Qxe6 33. Bxe6 b6 34. cxb6
axb6 35. Nb1 Kf8 36. Nd2 Ke7 37. Bf5 b5 38. Nb3 Bc7 39. Kf1 Ne8 40. Ke2 Ng7 41.
Bxd7 Kxd7 42. Nc5+ Ke7 43. Nd3 Ke6 44. Bc3 Ne8 45. Nc5+ Ke7 46. a4 bxa4 47.
Nxa4 Nf6 48. Nc5 1/2-1/2

[Event "Landesklasse Ost 2013/2014"]
[Site "?"]
[Date "2013.11.16"]
[Round "1"]
[White "Hilbig, Dieter"]
[Black "Heine, Mario"]
[Result "1-0"]
[WhiteElo "1894"]
[BlackElo "1683"]
[PlyCount "79"]
[EventDate "2013.??.??"]
[WhiteTeam "ESV Gera"]
[BlackTeam "TuS Osterburg Weida"]

1. e4 d6 2. Nc3 Nf6 3. f4 c6 4. Nf3 Nbd7 5. Bc4 Qa5 6. Bb3 Nc5 7. d3 Nxb3 8.
cxb3 e5 9. f5 d5 10. Bd2 Qc7 11. O-O Bc5+ 12. Kh1 O-O 13. Qe1 Re8 14. Qh4 Be7
15. Qh3 Rd8 16. Qg3 dxe4 17. dxe4 Nh5 18. Qh3 g6 19. Rad1 f6 20. g4 Nf4 21.
Bxf4 exf4 22. fxg6 hxg6 23. Nh4 Kg7 24. Nf5+ Bxf5 25. exf5 Rh8 26. Qf3 g5 27.
Ne4 Rh4 28. Nf2 Rah8 29. h3 Bc5 30. Rd3 Bxf2 31. Rxf2 Rxh3+ 32. Qxh3 Rxh3+ 33.
Rxh3 Qe5 34. Kg1 Qe1+ 35. Kg2 Qe4+ 36. Rhf3 c5 37. Rd2 Kf8 38. Kf2 Qe7 39. Rfd3
f3 40. Rd8+ 1-0

[Event "Landesklasse Ost 2013/2014"]
[Site "?"]
[Date "2013.11.16"]
[Round "1"]
[White "Lehmann, Volkhard"]
[Black "Steinmüller, Johannes"]
[Result "1-0"]
[WhiteElo "1653"]
[BlackElo "1744"]
[PlyCount "83"]
[EventDate "2013.??.??"]
[WhiteTeam "TuS Osterburg Weida"]
[BlackTeam "ESV Gera"]

1. d4 Nf6 2. Bf4 g6 3. e3 d5 4. c4 Bg7 5. Nc3 c6 6. a3 O-O 7. Nf3 Bg4 8. h3
Bxf3 9. Qxf3 dxc4 10. Bxc4 Nbd7 11. O-O Nb6 12. Ba2 Nbd5 13. Be5 Nxc3 14. bxc3
Nd5 15. Bxg7 Kxg7 16. Rfc1 f5 17. c4 Nf6 18. c5 Qc7 19. Re1 Rab8 20. Bb3 Ne4
21. Qe2 Rbd8 22. Qb2 Nf6 23. Rab1 Rb8 24. Rbc1 Nd5 25. e4 fxe4 26. Rxe4 Rf7 27.
Rce1 Rbf8 28. f3 Re8 29. Re5 Rf5 30. h4 Rxe5 31. Rxe5 e6 32. h5 Nf4 33. h6+ Kf8
34. Qd2 Nd5 35. Bxd5 exd5 36. Qf4+ Qf7 37. Rxe8+ Kxe8 38. Qb8+ Ke7 39. Qxb7+
Kf8 40. Qxc6 Qf4 41. Qa8+ Kf7 42. Qxd5+ 1-0